Catalog

Record Details

Catalog Search



Šimonovy pracovní listy. 14, Grafomotorická cvičení : motivační kresby k uvolnění ruky a veselé kreslení jedním tahem : předlohy pro kopírování  Cover Image Book Book

Šimonovy pracovní listy. 14, Grafomotorická cvičení : motivační kresby k uvolnění ruky a veselé kreslení jedním tahem : předlohy pro kopírování / Marie Pilařová

Pilařová, Marie (Author).

Record details

  • ISBN: 978-80-7367-518-9
  • Physical Description: [64] s. : il. ; 30 cm
  • Edition: Vyd. 1.
  • Publisher: Praha : Portál, 2009

Content descriptions

General Note:
Název z obálky
Target Audience Note:
Pro mateřské školy a první ročníky ZŠ
Subject: předškolní výchova
děti školního věku
kreslení
grafomotorika
preschool education
school children
drawing
graphomotorics
Genre: pracovní listy
metodické příručky
activity pages
methodological manuals

Available copies

  • 1 of 1 copy available at Common Catalog SPOK.

Holds

  • 0 current holds with 1 total copy.
Show Only Available Copies
Location Call Number / Copy Notes Barcode Shelving Location Status Due Date
Jabok Library Ped-3.5.1.2/P 424480023597 Odborná literatura Available -

LDR 01723nam a2200493 a 4500
00112927
003CZ-PrJAB
00520190815090834.0
007ta
008081217s2009 xr a e f 000 0 cze
015 . ‡acnb001836172
020 . ‡a978-80-7367-518-9 ‡q(brož.)
035 . ‡a(CZ PrNK)nkc20081836172
035 . ‡a(OCoLC)428364600
040 . ‡aABA001 ‡bcze
072 7. ‡a373.2/.3 ‡xPředškolní a primární výchova a vzdělávání ‡2Konspekt ‡922
080 . ‡a373.2 ‡2MRF
080 . ‡a316.346.32-053.5 ‡2MRF
080 . ‡a741 ‡2MRF
080 . ‡a159.946.4 ‡2MRF
080 . ‡a(076.1) ‡2MRF
080 . ‡a(072) ‡2MRF
1001 . ‡aPilařová, Marie ‡7kv2008437726 ‡4aut
24510. ‡aŠimonovy pracovní listy. ‡n14, ‡pGrafomotorická cvičení : motivační kresby k uvolnění ruky a veselé kreslení jedním tahem : předlohy pro kopírování / ‡cMarie Pilařová
24630. ‡aGrafomotorická cvičení
250 . ‡aVyd. 1.
260 . ‡aPraha : ‡bPortál, ‡c2009
300 . ‡a[64] s. : ‡bil. ; ‡c30 cm
500 . ‡aNázev z obálky
5218 . ‡aPro mateřské školy a první ročníky ZŠ
65007. ‡apředškolní výchova ‡7ph124887 ‡2czenas
65007. ‡aděti školního věku ‡7ph119714 ‡2czenas
65007. ‡akreslení ‡7ph121945 ‡2czenas
65007. ‡agrafomotorika ‡7ph120600 ‡2czenas
65009. ‡apreschool education ‡2eczenas
65009. ‡aschool children ‡2eczenas
65009. ‡adrawing ‡2eczenas
65009. ‡agraphomotorics ‡2eczenas
655 7. ‡apracovní listy ‡7fd250497 ‡2czenas
655 7. ‡ametodické příručky ‡7fd132826 ‡2czenas
655 9. ‡aactivity pages ‡2eczenas
655 9. ‡amethodological manuals ‡2eczenas
910 . ‡aABG312
995 . ‡aska
901 . ‡a12927 ‡bCZ PrNK ‡c12927 ‡tbiblio

Additional Resources